000 01395nam a2200361 c 4500
003 BLK
005 20250621124655.0
008 180408b bul|||||r ||||||| ||bul||
010 _aKNG00068196000
020 _a954-446-876-5
_bиздат.: Егмонт България
040 _aBLK
041 _aBUL
_cBUL
080 _aДатска литература
_b821.113.4
_x-93-312.9
_z821.113.4-93-312.9
100 1 _aЕкен, Сесили
_eпърви автор
_966832
700 1 _aРуева, Нина
_eпрев.
_9368110
139 _aЕкен, Сесили
_bЕ 41
245 1 0 _a[Уич] Witch - Свят от мъгла
_cСесили Екен; прев. Нина Руева.
257 _aDAN
260 София
_bЕгмонт България
_c2005
_fСофия : Лито Балкан
300 _a128 с.
_bс цв. ил.
_c18 см
380 _aDX
500 _aОриг. загл. The Wells of Fog. - Изд. на Disney Enterprises. - Офс. изд.
653 _aфантастични приказки
653 _aлитература за деца
653 _aдетска литература
653 _aWITCH
852 _aЦб І 32157
856 4 _qpdf
_u
856 4 _qpdf
_u
942 _cKNG
_n0
_02
944 _aCR
_c27.09.2006
_lВиолета Тройчева
_k30552
944 _aED
_c20.11.2014
_lф /
_kЛюдмила_Стоянова
999 _c63936
_d63936